Missing Word: Italy A-Z Quiz Stats

Quiz Updated Jan 7, 2016

Challenge
Share
Tweet
Embed
Score 0/26 Timer 10:00
3 Plays Today
Hint Missing Word % Correct
_____ Caesar (J)Julius
95.8%
_______ tower of Pisa (L)Leaning
95.6%
Leonardo da _____ (V)Vinci
95%
_____ Oil (O)Olive
94.8%
Red-_____-Green (W)White
94.3%
____ Romeo (A) Alfa
90.1%
_____ & Gabbana (D)Dolce
85.7%
Romulus and _____ (R)Remus
84.6%
_______ Galilei (G)Galileo
83%
Divine ______ (C)Comedy
82.2%
Luciano ________ (P)Pavarotti
81.3%
______ Aquinas (T)Thomas
73%
Pliny the _______ (Y)Younger
57.7%
Hint Missing Word % Correct
Roman _____ (F)Forum
56.6%
______ Berlusconi (S)Silvio
51.8%
Pope Leo ____ (X)XIII
50.1%
Sandro __________ (B)Botticelli
47.7%
Victor ________ II (E)Emmanuel
43.2%
_______ Machiavelli (N)Niccolò
37%
___________ of Italy (U)Unification
34.6%
Pompeii and ___________ (H)Herculaneum
31.6%
_____ sportswear (K)Kappa
21.2%
Strait of _______ (M)Messina
20.9%
Dino ____ (Z)Zoff
19.6%
Aeolian _______ (I)Islands
18%
Fabio ____________ (Q)Quagliarella
12.2%

Today's Daily Dose

You're not logged in!

Compare scores with friends on all Sporcle quizzes.
Sign Up with Email
OR
Log In

You Might Also Like...

Show Comments

Extras

Top Quizzes Today


Score Distribution

Your Account Isn't Verified!

In order to create a playlist on Sporcle, you need to verify the email address you used during registration. Go to your Sporcle Settings to finish the process.